LEADER 00909nam0-22002891--450- 001 990008333800403321 005 20060523142152.0 020 $aIT$b1905 1061 035 $a000833380 035 $aFED01000833380 035 $a(Aleph)000833380FED01 035 $a000833380 100 $a20060523d1905----km-y0itay50------ba 101 0 $aita 102 $aIT 105 $ay-------001yy 200 1 $a<>fabbricerie secondo il decreto napoleonico 30 dicembre 1809$econ particolare riguardo alle provincie liguri e parmensi$fMattia Moresco 210 $aMilano$cSocietà Editrice Libraria$d1905 215 $aXI, 311 p.$d26 cm 700 1$aMoresco,$bMattia$0236794 801 0$aIT$bUNINA$gRICA$2UNIMARC 901 $aBK 912 $a990008333800403321 952 $aIII H 33$b47284$fFGBC 959 $aFGBC 996 $aFabbricerie secondo il decreto napoleonico 30 dicembre 1809$9721596 997 $aUNINA LEADER 03971nam 22006254a 450 001 9910792252403321 005 20230617015844.0 010 $a0-19-803916-6 010 $a1-280-84495-7 010 $a1-4294-3102-4 035 $a(CKB)2560000000296702 035 $a(EBL)422494 035 $a(OCoLC)476257503 035 $a(SSID)ssj0000114263 035 $a(PQKBManifestationID)11130094 035 $a(PQKBTitleCode)TC0000114263 035 $a(PQKBWorkID)10125041 035 $a(PQKB)11133950 035 $a(StDuBDS)EDZ0000022206 035 $a(MiAaPQ)EBC422494 035 $a(Au-PeEL)EBL422494 035 $a(CaPaEBR)ebr10263640 035 $a(CaONFJC)MIL84495 035 $a(EXLCZ)992560000000296702 100 $a20040420d2005 uy 0 101 0 $aeng 135 $aurcn||||||||| 181 $ctxt 182 $cc 183 $acr 200 10$aBrain and visual perception$b[electronic resource] $ethe story of a 25-year collaboration /$fDavid H. Hubel, Torsten N. Wiesel 210 $aNew York, N.Y. $cOxford University Press$d2005 215 $a1 online resource (738 p.) 300 $aDescription based upon print version of record. 311 $a0-19-517618-9 311 $a0-19-984701-0 320 $aIncludes bibliographical references and index. 327 $aContents; PART I: INTRODUCTION AND BIOGRAPHIES; 1. David H. Hubel; 2. Torsten N. Wiesel; PART II: BACKGROUND TO OUR RESEARCH; 3. Cortical Neurophysiology in the 1950's; 4. The Group at Hopkins; 5. The Move from Hopkins to Harvard; 6. The New Department; PART III: NORMAL PHYSIOLOGY AND ANATOMY; 7. Our First Paper, on Cat Cortex, 1959; 8. Recordings from Fibers in the Monkey Optic Nerve; 9. Recording from Cells in the Cat Lateral Geniculate; 10. Our Major Paper on Cat Striate Cortex, 1962; 11. Recordings from Cat Prestriate Areas, 18 and 19 327 $a12. Survey of the Monkey Lateral Geniculate Body-A Foray into Color 13. Recording Fibers in the Cat Corpus Callosum; 14. Recordings in Monkey Striate Cortex, 1968; 15. Another Visual Representation, the Cat Clare-Bishop Area; 16. Encoding of Binocular Depth in a Cortical Area in the Monkey; 17. Anatomy of the Geniculo-Cortical Pathway: The Nauta Method; 18. Ocular Dominance Columns Revealed by Autoradiography; 19. Regular Sequences of Orientation Shifts in Monkeys; 20. Cortical Modules and Magnification in Monkeys; PART IV: DEPRIVATION AND DEVELOPMENT 327 $a21. The First Three Kitten Deprivation Papers 22. Second Group of Deprivation Papers; 23. The Siamese Cat; 24. Cells Grouped in Orientation Columns in Newborn Monkeys; 25. Plasticity and Development of Monkey Ocular Dominance Columns; PART V: THREE REVIEWS; 26. Ferrier Lecture, 1977; 27. Nobel Lecture, David H. Hubel, Nobel Lecture, Torsten N. Wiesel; 28. Epilogue: Summing Up; List of Papers Included; Glossary; Acknowledgments; Today, Forty-Six Years After Starting; Index; 330 $aPart I. Introduction and Biographies 1. David H. Hubel 2. Torsten N. Wiesel Part II. Background to Our Research 3. Cortical Neurophysiology in the 1950's 4. The Group at Johns Hopkins 5. The Move from Hopkins to Harvard 6. The New Department Part III. Normal Physiology and Anatomy 7. Our First Paper, on Cat Cortex, 1959 8. Recordings from Fibers in the Monkey Optic Nerve 9. Recordings from Cells in the Cat Lateral Geniculate 10. Our Major Paper on Cat Striate Cortex, 1962 11. Recordings from the Cat Prestriate Areas, 18 and 19 12. Survey of the Monkey Lateral Geniculate Body--A F 606 $aVisual pathways 606 $aVisual perception 615 0$aVisual pathways. 615 0$aVisual perception. 676 $a152.14 700 $aHubel$b David H$0168796 701 $aWiesel$b Torsten N$01535467 801 0$bMiAaPQ 801 1$bMiAaPQ 801 2$bMiAaPQ 906 $aBOOK 912 $a9910792252403321 996 $aBrain and visual perception$93783715 997 $aUNINA LEADER 05090nas 2200781 n 450 001 990009071890403321 005 20240229084254.0 011 $a0042-1022 035 $a000907189 035 $aFED01000907189 035 $a(Aleph)000907189FED01 035 $a000907189 091 $2CNR$aP 00008722 100 $a20090724a19329999km-y0itaa50------ba 101 0 $aita 102 $aIT 110 $aauu-------- 200 1 $aUrbanistica 207 1$a1932- 210 $aTorino$cINU Edizioni 326 $aQuadrimestrale 421 0$1001000907192$12001$aUrbanistica informazioni 421 0$12001$aUrbanistica. Quaderni 530 0 $aUrbanistica 675 $a711 675 $a301 675 $a71/72 676 $a307.1 712 02$aIstituto nazionale di urbanistica 801 0$aIT$bACNP$c20090723 859 4 $uhttp://acnp.cib.unibo.it/cgi-ser/start/it/cnr/dc-p1.tcl?catno=4141&person=false&language=ITALIANO&libr=&libr_th=unina1$zBiblioteche che possiedono il periodico 901 $aSE 912 $a990009071890403321 958 $aBiblioteca del Dipartimento di Diritto dell'Economia. Università di Napoli Federico II$b1985-1987;$e1/188$fDEC 958 $aBRAU. Biblioteca di Ricerca di Area Umanistica$b1990;1995-$eSP - Per. it. 303$fFLFBC 958 $aBiblioteca Interdipartimentale "Marcello Canino" dell'Università "Federico II"$b1941-1943;1949-1974;1976-1984;1986-1987;1989-$c1943;1961;1989;$fDARPU 958 $aBiblioteca Centralizzata. Facoltà di Architettura dell'Università Federico II$b1934-1938;1942-1943;1949-1983;1985-$c1943;1959;$eS.P. XXIX-XXX$fFARBC 958 $aBiblioteca Centralizzata. Facoltà di Architettura dell'Università Federico II$b1934-1938;1942-1943;1949-1983;1985-$c1943;1959;$eSEZ.RARI XVII/B$fFARBC 958 $aBiblioteca. Dipartimento di Storia dell'Architettura e Restauro$b1958-1963;1965-1972;1976;$fDARST 958 $aBiblioteca. Dipartimento di Pianificazione e Scienza del Territorio della Federico II di Napoli$b1949-$c1951-1956;$fDINST 958 $aBiblioteca Centrale "F. Gasparini". Facoltà di Ingegneria. Università degli Studi di Napoli "Federico II"$b1939-1943;1949-1977;1979-2015;$edXXVIIg2; IXe4$fFINBC FINAG 958 $aBiblioteca del dipartimento di Ingeneria Edile dell'Università.$b1935-1942;1949-1956;$c1939;1941-1942;1951-1956;$fDINED 958 $aBiblioteca Dip. di Diritto Costituzionale Italiano e Comparato$b1956-1968;$c1959;$ePer. est. 6$fDDCIC 958 $aNucleo Bibliotecario di Geografia.Facoltà di Lettere e Filosofia.Università degli Studi di Napoli Federico II$b1949-1973;1976-1983;1985-1990;$ePER IT 22$fILFGE 959 $aDEC 959 $aFLFBC 959 $aDARPU 959 $aFARBC 959 $aDARST 959 $aDINST 959 $aFINBC 959 $aFINAG 959 $aDINED 959 $aDDCIC 959 $aILFGE 996 $aUrbanistica$961622 997 $aUNINA AP1 8 $6866-01$aNA032 Biblioteca del Dipartimento di Diritto dell'Economia. Università di Napoli Federico II$b1/188$evia Cintia, Compl. Univ. Monte S. Angelo, 80126 Napoli (NA)$m081 675190 081 675122$m081 675123$nit AP1 8 $6866-02$aNA072 BRAU. Biblioteca di Ricerca di Area Umanistica$bSP - Per. it. 303$ePiazza Bellini 56/60, 80133 Napoli (NA)$m(081) 2533948$nit AP1 8 $6866-03$aNA080 Biblioteca Interdipartimentale "Marcello Canino" dell'Università "Federico II"$evia Forno Vecchio 36, 80134 Napoli (NA)$m0812538758$m0812538717$nit AP1 8 $6866-04$aNA088 Biblioteca Centralizzata. Facoltà di Architettura dell'Università Federico II$b1 - VIII - 1...$eVia Monteoliveto,3. Palazzo Gravina, 80134 Napoli (NA)$m0812538081$m0812538023$nit AP1 8 $6866-05$aNA089 Biblioteca. Dipartimento di Storia dell'Architettura e Restauro$eVia Monteoliveto, 3, 80134 Napoli (NA)$m0812538077$m0812538010$nit AP1 8 $6866-06$aNA102 Biblioteca. Dipartimento di Pianificazione e Scienza del Territorio dell'Università Federico II di Napoli (Sez. di Ortopedia)$ep.le Tecchio,80, Napoli (NA)$m(081) 7682318$m(081) 7682309$nit AP1 8 $6866-07$aNA104 Biblioteca Centrale "F. Gasparini". Facoltà di Ingegneria. Università degli Studi di Napoli "Federico II"$bdXXVIIg2; IXe4$ep.le Tecchio,80, 80125 Napoli (NA)$m0817682190;0817682195$m0817682188$nit AP1 8 $6866-08$aNA107 Biblioteca del dipartimento di Ingeneria Edile dell'Università.$ep.le Tecchio,80, Napoli (NA)$m(081) 7682129; fax 7682134$nit AP1 8 $6866-09$aNA213 Biblioteca Dip. di Diritto Costituzionale Italiano e Comparato$bPer. est. 6$eVia nuova Marina, 33, 80133 Napoli (NA)$m081/2536449-2536439$m081/2536436$nit AP1 8 $6866-10$aNA239 Nucleo Bibliotecario di Geografia.Facoltà di Lettere e Filosofia.Università degli Studi di Napoli Federico II$bPER IT 22$evia Rodinò 22/Largo S. Marcellino 10, 80138 Napoli (NA)$m0812538238$nit AP2 40$aacnp.cib.unibo.it$nACNP Italian Union Catalogue of Serials$uhttp://acnp.cib.unibo.it/cgi-ser/start/it/cnr/df-p.tcl?catno=4141&language=ITALIANO&libr=&person=&B=1&libr_th=unina&proposto=NO